000 00786nam a2200253 u 4500
005 20240228064117.0
008 130207s2004 ve r 000 0 spa d
020 _a9789803881467
035 _aUPN01000189451
049 _aI
050 4 _aPZ25
_bL4.6
100 1 _aLenain, Thierry,
_d1959-
_933530
245 1 3 _aEl pequeño pipí /
_cThierry Lenain ; il. Stéphane Poulin ; tr. Violeta Linares D.
260 _aCaracas :
_bEl Nacional,
_c2004.
300 _a[28] p. :
_bprincipalmente il. col.
440 0 _aArcadia ;
_v20
534 _pTítulo original:
_tPetit zizi
650 4 _aLiteratura infantil francesa
_913687
650 4 _aLibros y lectura para niños
_92290
700 1 _aPoulin, Stéphane,
_eil.
905 _aInfantil
999 _c161554
_d161554